| 000 | 01007cam a2200313 i 4500 | ||
|---|---|---|---|
| 999 |
_c1338 _d1338 |
||
| 001 | 17551648 | ||
| 003 | OSt | ||
| 005 | 20221228140415.0 | ||
| 008 | 121206s2014 ilua j b 001 0 eng | ||
| 010 | _a 2012046416 | ||
| 020 | _a9781432980702 | ||
| 040 |
_aDLC _beng _cDLC _erda _dDLC _dKH8 |
||
| 042 | _apcc | ||
| 082 | 0 | 0 |
_a392.3 SMI _223 |
| 100 | 1 |
_aSmith, Siân. _eAuthor |
|
| 245 | 1 | 0 |
_aCity homes / _cSian Smith. |
| 264 | 1 |
_aChicago, illinois : _bHeinemann Library, _c[2014] |
|
| 300 |
_a24 pages : _bcolor illustrations ; _c18 cm. |
||
| 336 |
_atext _2rdacontent |
||
| 337 |
_aunmediated _2rdamedia |
||
| 338 |
_avolume _2rdacarrier |
||
| 490 | 0 | _aWhere we live | |
| 500 | _aIncludes index. | ||
| 650 | 0 |
_aDwellings _vJuvenile literature. |
|
| 650 | 0 |
_aCity dwellers _vJuvenile literature. |
|
| 906 |
_a7 _bcbc _corignew _d1 _eecip _f20 _gy-gencatlg |
||
| 942 |
_2ddc _cNFIC |
||